[Event "Caxambu op"]
[Site "Caxambu"]
[Date "2023.07.21"]
[Round "2"]
[White "Silva, Juliana Figueira Th"]
[Black "Lacerda, Rafael Alvarenga"]
[Result "1-0"]
[WhiteElo "1682"]
[BlackElo "1800"]
[PlyCount "85"]
[EventDate "2023.07.20"]
[EventType "swiss"]
[EventRounds "7"]
[EventCountry "BRA"]
[SourceTitle "CBM 215 Extra"]
[Source "ChessBase"]
[SourceDate "2023.09.30"]
[SourceVersion "1"]
[SourceVersionDate "2023.09.30"]
[SourceQuality "1"]

1. d4 Nf6 2. Nf3 g6 3. c4 Bg7 4. Nc3 d5 5. Bf4 0-0 6. e3 c5 7. Be2 dxc4 8. Bxc4 cxd4 9. exd4 Bg4 10. Be3 Nc6 11. 0-0 Rc8 12. d5 Bxf3 13. gxf3 Ne5 14. Be2 a6 15. Qb3 Qd7 16. Kg2 b5 17. a4 b4 18. Qxb4 Nxd5 19. Nxd5 Qxd5 20. Qxe7 Rc2 21. Rad1 Qa2 22. Rd8 Nc6 23. Rxf8+ Bxf8 24. Qe8 Rxe2 25. Rc1 Rxe3 26. Qxe3 Qd5 27. Rc3 Ne5 28. Rc8 a5 29. Re8 Nd7 30. Rd8 Qf5 31. h4 Kg7 32. Qe8 Qe5 33. Qxd7 Qxb2 34. Qd4+ Qxd4 35. Rxd4 Bb4 36. Kg3 h5 37. Kf4 Kf6 38. Rd5 Bc3 39. Rd6+ Ke7 40. Ra6 f6 41. Ke4 Bb4 42. Kd5 Be1 43. Re6+ 1-0